000 00416nam a2200169Ia 4500
008 221030s9999 xx 000 0 und d
020 _a9353067229
041 _aEnglish
100 _aS. P. Robbins
245 0 _aManagement 14th ed.
_cby S. P. Robbins, M. Coulter
250 _a14th
260 _bPearson Education
_aNoida
_c2020
300 _a791
650 _aManagement
700 _aM. Coulter
942 _cBK
999 _c18648
_d18648